Pagpapakatao 10 : (Record no. 5257)
[ view plain ]
| 000 -LEADER | |
|---|---|
| fixed length control field | 00766nam a22002177a 4500 |
| 003 - CONTROL NUMBER IDENTIFIER | |
| control field | OSt |
| 005 - DATE AND TIME OF LATEST TRANSACTION | |
| control field | 20251029010611.0 |
| 008 - FIXED-LENGTH DATA ELEMENTS--GENERAL INFORMATION | |
| fixed length control field | 251029b |||||||| |||| 00| 0 eng d |
| 020 ## - INTERNATIONAL STANDARD BOOK NUMBER | |
| International Standard Book Number | 978-971-06-5779-1 |
| 040 ## - CATALOGING SOURCE | |
| Original cataloging agency | DWCL - Main Lib |
| Transcribing agency | OC |
| 082 ## - DEWEY DECIMAL CLASSIFICATION NUMBER | |
| Edition number | 2nd |
| Classification number | Res. 170 J11p 2022 |
| 100 ## - MAIN ENTRY--PERSONAL NAME | |
| Personal name | Javier, Philip S., III |
| 245 ## - TITLE STATEMENT | |
| Title | Pagpapakatao 10 : |
| Remainder of title | Paghuhubog ng pagkatao para sa pagtibay ng bansa / |
| Statement of responsibility, etc. | Philip S. Javier III |
| 250 ## - EDITION STATEMENT | |
| Edition statement | 2nd |
| 260 ## - PUBLICATION, DISTRIBUTION, ETC. | |
| Place of publication, distribution, etc. | Quezon Avenue, Quezon City, Philippines : |
| Name of publisher, distributor, etc. | Phoenix Publishing House, Inc., |
| Date of publication, distribution, etc. | c2022. |
| 300 ## - PHYSICAL DESCRIPTION | |
| Extent | xiii , 228 pages : |
| Other physical details | illustrations ; |
| Dimensions | 25 cm. |
| 650 ## - SUBJECT ADDED ENTRY--TOPICAL TERM | |
| Topical term or geographic name entry element | 1. Values Education |
| 650 ## - SUBJECT ADDED ENTRY--TOPICAL TERM | |
| Topical term or geographic name entry element | 2. Values Education - Study and Teaching |
| 700 ## - ADDED ENTRY--PERSONAL NAME | |
| Personal name | Josephine C. Dango |
| 942 ## - ADDED ENTRY ELEMENTS (KOHA) | |
| Source of classification or shelving scheme | Dewey Decimal Classification |
| Koha item type | Book- Reserved |
| Edition | 2nd |
| Call number suffix | Res. |
| Suppress in OPAC | No |
| 952 ## - LOCATION AND ITEM INFORMATION (KOHA) | |
| -- | |
| 952 ## - LOCATION AND ITEM INFORMATION (KOHA) | |
| -- | |
| 952 ## - LOCATION AND ITEM INFORMATION (KOHA) | |
| -- | |
| Withdrawn status | Lost status | Source of classification or shelving scheme | Damaged status | Not for loan | Home library | Current library | Shelving location | Date acquired | Source of acquisition | Total Checkouts | Full call number | Barcode | Date last seen | Copy number | Price effective from | Koha item type | Uniform Resource Identifier |
|---|---|---|---|---|---|---|---|---|---|---|---|---|---|---|---|---|---|
| Dewey Decimal Classification | Junior High School Library | Junior High School Library | Reserved | 09/11/2024 | School Fund | Res. 170 J11p 2022 | JHS - 21373 | 10/29/2025 | c3 | 10/29/2025 | BK-0 CIRC | ||||||
| Dewey Decimal Classification | Junior High School Library | Junior High School Library | Reserved | 09/11/2024 | School Fund | Res. 170 J11p 2022 | JHS - 21372 | 10/29/2025 | c2 | 10/29/2025 | BK-0 CIRC | ||||||
| Dewey Decimal Classification | Junior High School Library | Junior High School Library | Reserved | 09/11/2024 | School Fund | Res. 170 J11p 2022 | JHS - 21371 | 10/29/2025 | c1 | 10/29/2025 | BK-0 CIRC |